000 00563nam a2200181 i 4500
001 147342
003 ES-MaACL
005 20230906201935.0
007 t|
008 070927s1983 sp ||||1| spa d
080 _a84-7013-227-X
100 1 _aUbieto Arteta, Antonio.
_9111843
245 1 0 _aHistoria de Aragón
_b: divisiones administrativas /
_cAntonio Ubieto Arteta.
260 _aZaragoza :
_bAnubar,
_c1983.
300 _a392 p., map. intercal. :
_bil. ;
_c22 cm.
651 4 _aAragón (Reino)-
_xHistoria.
_97791
852 _aES-MaACL
_jL-4638
_bR.105465
999 _c147342
_d147342